000 00645nam a2200229Ia 4500
003 OSt
005 20220925220004.0
006 a|||||r|||| 00| 0
007 ta
008 220923b |||||||| |||| 00| 0 eng d
037 _cGeneral Book
040 _aRTL
_cRTL
_beng
041 _2eng
_aeng
082 _aX:3M24xM70, M9
100 _aDesai Meghnad
245 0 _aEconomic writing. Ed by Meghnad Desai
260 _aLondon
_bLawrence and Wishart
_c1989
300 _a363p
_ccm.
650 _aEconomics classics V I Lenin
_9277374
942 _hX:3M24xM70, M9
_cGB
_2CC
999 _c570245
_d570245